[Event "Kieler Open 2018-A"]
[Site "Kiel"]
[Date "2018.07.29"]
[Round "3.41"]
[White "Gehlsen, René"]
[Black "Oltmanns, Marc"]
[Result "1/2-1/2"]
[WhiteElo "1799"]
[BlackElo "1698"]
[Annotator "FS"]
[PlyCount "98"]
[EventDate "2018.??.??"]
[WhiteTeam "SV VHS Heide"]
[BlackTeam "Raisdorf"]

1. d4 Nf6 2. Nf3 e6 3. e3 c5 4. c3 Nc6 5. Bd3 d5 6. Nbd2 Qc7 7. O-O Bd6 8. dxc5
Bxc5 9. e4 dxe4 10. Nxe4 Nxe4 11. Bxe4 Bd7 12. Re1 Rd8 13. Be3 Bxe3 14. Rxe3
Ne7 15. Qe2 Bc6 16. Bxc6+ Nxc6 17. Rd1 O-O 18. Red3 Rxd3 19. Rxd3 e5 20. Qd2 e4
21. Rd7 Qxd7 22. Qxd7 Rd8 23. Qxd8+ Nxd8 24. Nd4 g6 25. a4 f5 26. Kf1 Kf7 27.
Ke2 a6 28. a5 Nc6 29. Nxc6 bxc6 30. b4 Ke6 31. c4 Kd6 32. f3 exf3+ 33. Kxf3 g5
34. Ke3 c5 35. b5 axb5 36. cxb5 f4+ 37. Ke4 h6 38. a6 Kc7 39. Kd5 Kb6 40. a7
Kxa7 41. Kxc5 h5 42. Kd4 g4 43. Ke4 f3 44. gxf3 gxf3 45. Kxf3 Kb6 46. h4 Kxb5
47. Kf4 Kc6 48. Kg5 Kd6 49. Kxh5 Ke7 1/2-1/2

[Event "Kieler Open 2018-A"]
[Site "Kiel"]
[Date "2018.07.29"]
[Round "3.42"]
[White "Gerigk, Daniel"]
[Black "Lubenow, Olaf"]
[Result "0-1"]
[WhiteElo "1690"]
[BlackElo "1794"]
[Annotator "FS"]
[PlyCount "104"]
[EventDate "2018.??.??"]
[WhiteTeam "Stadtverw. Bonn"]
[BlackTeam "SK Kollmar"]

1. e4 g5 2. d4 g4 3. Be2 h5 4. f4 e6 5. h4 Nf6 6. Nc3 b6 7. Bd3 Bb7 8. g3 Nc6
9. Nge2 Nb4 10. Rf1 Qe7 11. Be3 O-O-O 12. a3 Nxd3+ 13. Qxd3 d5 14. e5 Ne4 15.
f5 exf5 16. Rxf5 Qd7 17. Rf1 c5 18. Nxe4 dxe4 19. Qc4 Bd5 20. Qa6+ Kb8 21.
O-O-O c4 22. Nc3 Bh6 23. Bf4 Bxf4+ 24. Rxf4 e3 25. Re1 e2 26. Nxd5 Qxd5 27.
Rxe2 Qh1+ 28. Kd2 Rd7 29. Qxc4 Rc8 30. Qd3 Rcd8 31. c3 Qa1 32. Kc2 Qg1 33. Ref2
Rd5 34. Qe3 Rb5 35. Rxf7 Qa1 36. Qc1 Qa2 37. Kd3 Rxe5 38. Qf4 Qb1+ 39. Kc4 Qa2+
40. b3 b5+ 41. Kd3 Qb1+ 42. Rc2 Qd1+ 43. Qd2 Qg1 44. Rc1 Qxg3+ 45. Kc2 Re3 46.
Kb2 Rde8 47. Rf2 Qxh4 48. Rf8 Rxf8 49. Qxe3 Qf2+ 50. Qxf2 Rxf2+ 51. Kb1 g3 52.
Re1 g2 0-1

[Event "Kieler Open 2018-A"]
[Site "Kiel"]
[Date "2018.07.29"]
[Round "3.43"]
[White "Easwaralingam, Janith"]
[Black "Kunkel, Wolfgang"]
[Result "1-0"]
[WhiteElo "1792"]
[BlackElo "1681"]
[Annotator "FS"]
[PlyCount "55"]
[EventDate "2018.??.??"]
[WhiteTeam "Fredericia SF"]
[BlackTeam "Gießen"]

1. e4 e5 2. Nc3 g6 3. Bc4 Bg7 4. d3 Ne7 5. f4 Nbc6 6. Nf3 d6 7. O-O Na5 8. Bb3
Nxb3 9. axb3 Bg4 10. Qe1 Bxf3 11. Rxf3 a6 12. Qf2 c5 13. Be3 O-O 14. fxe5 Bxe5
15. Rf1 Qe8 16. Rh3 f5 17. Qh4 Rf7 18. Bg5 Bd4+ 19. Kh1 h5 20. Bxe7 Qxe7 21.
Qxe7 Rxe7 22. exf5 Rf8 23. Rhf3 gxf5 24. Nd5 Re2 25. c3 Re5 26. Nf4 Bxc3 27.
bxc3 Rfe8 28. h3 1-0

[Event "Kieler Open 2018-A"]
[Site "Kiel"]
[Date "2018.07.29"]
[Round "3.44"]
[White "Schwerdt, Alwin Elias"]
[Black "Linke, Michael"]
[Result "1/2-1/2"]
[WhiteElo "1672"]
[BlackElo "1792"]
[Annotator "FS"]
[PlyCount "54"]
[EventDate "2018.??.??"]
[WhiteTeam "Bad Schwartau"]
[BlackTeam "Köln"]

1. e4 e6 2. d4 d5 3. exd5 exd5 4. Nf3 Nf6 5. Nc3 c6 6. Be2 Bd6 7. Bg5 Bg4 8. h3
Bxf3 9. Bxf3 O-O 10. Ne2 Nbd7 11. Qd2 Re8 12. O-O Qb6 13. c3 Ne4 14. Bxe4 Rxe4
15. Rae1 Rae8 16. f3 R4e6 17. Bh4 Qc7 18. f4 Be7 19. f5 Re4 20. Bxe7 R4xe7 21.
Kf2 Nf6 22. Ng3 Ne4+ 23. Nxe4 Rxe4 24. Rxe4 Rxe4 25. Re1 Qe7 26. g3 Kf8 27. Re3
Rxe3 1/2-1/2

[Event "Kieler Open 2018-A"]
[Site "Kiel"]
[Date "2018.07.29"]
[Round "3.45"]
[White "Christensen, Andreas"]
[Black "Witt, Holger"]
[Result "1-0"]
[WhiteElo "1790"]
[BlackElo "1579"]
[Annotator "FS"]
[PlyCount "77"]
[EventDate "2018.??.??"]
[WhiteTeam "Hamburger SK von 1830 eV"]
[BlackTeam "SC Viernheim"]

1. e4 e6 2. d4 d5 3. Nd2 a6 4. c3 c5 5. exd5 exd5 6. Ngf3 Nc6 7. Bd3 cxd4 8.
cxd4 Bd6 9. O-O Bg4 10. Nb3 Qb6 11. Re1+ Nge7 12. Bg5 f6 13. Be3 O-O 14. Nc5
Rae8 15. h3 Bf5 16. Bxf5 Nxf5 17. Na4 Qd8 18. Rc1 Nxe3 19. Rxe3 Rxe3 20. fxe3
Qe7 21. Qb3 Kh8 22. Nb6 Re8 23. Kf2 Qe4 24. Rc3 Bb4 25. Rd3 Rd8 26. a3 Ba5 27.
Na4 b5 28. Nc5 Qe7 29. Qd1 Nb8 30. b4 Bc7 31. Nd2 Qd6 32. Qf3 Qe7 33. Ndb3 Rd6
34. Nb7 Rd7 35. N3c5 Nc6 36. Nxd7 Qxd7 37. Nc5 Qd6 38. Rc3 Qh2 39. Nxa6 1-0

[Event "Kieler Open 2018-A"]
[Site "Kiel"]
[Date "2018.07.29"]
[Round "3.46"]
[White "Marcussen, Claus"]
[Black "Tang, Zijie"]
[Result "1-0"]
[WhiteElo "1736"]
[BlackElo "1519"]
[Annotator "FS"]
[PlyCount "51"]
[EventDate "2018.??.??"]
[WhiteTeam "Fredericia SF"]
[BlackTeam "Guandong"]

1. f4 d5 2. Nf3 Nf6 3. e3 e6 4. d4 Be7 5. Bd3 b6 6. Qe2 c5 7. c3 Bb7 8. O-O g6
9. Bd2 Nbd7 10. Ne5 h5 11. Qf3 Ne4 12. Bb5 Nef6 13. Be1 Qc7 14. Nd2 O-O 15. Bh4
Qd6 16. Bd3 Kg7 17. Qh3 Ne4 18. Bxe4 dxe4 19. Ndc4 Qd5 20. Bxe7 Rfe8 21. Qh4 f6
22. Nxd7 Qxd7 23. Bxf6+ Kh7 24. Ne5 Qb5 25. Qg5 Rg8 26. Ng4 1-0

[Event "Kieler Open 2018-A"]
[Site "Kiel"]
[Date "2018.07.29"]
[Round "4.1"]
[White "Wan, Yunguo"]
[Black "Voloshin, Leonid"]
[Result "1-0"]
[WhiteElo "2514"]
[BlackElo "2383"]
[Annotator "PH"]
[PlyCount "135"]

1. e4 e5 2. Nf3 Nc6 3. Bc4 Bc5 4. c3 Nf6 5. d4 exd4 6. e5 d5 7. Bb5 Ne4 8. cxd4
Be7 9. Nc3 O-O 10. h3 f5 11. Qa4 Nxc3 12. bxc3 Nb8 13. Bd3 Be6 14. Rb1 b6 15.
h4 h6 16. Ba3 Bxa3 17. Qxa3 Nc6 18. h5 Ne7 19. Rh4 Qd7 20. Kf1 Rac8 21. Ba6 Rb8
22. Be2 Rbc8 23. Ne1 c5 24. Nd3 cxd4 25. cxd4 Nc6 26. Nf4 Nxd4 27. Ba6 Rc5 28.
Ng6 Nc2 29. Nxf8 Nxa3 30. Nxd7 Bxd7 31. Rd1 Kf7 32. Rh3 Nb5 33. Bxb5 Bxb5+ 34.
Kg1 Bd7 35. Ra3 a5 36. Rb1 d4 37. Rxb6 Rxe5 38. Rd6 Be6 39. Rxd4 Re1+ 40. Kh2
Re2 41. Kg3 Rxa2 42. Rxa2 Bxa2 43. Ra4 Bd5 44. Rxa5 Ke6 45. f3 Bc4 46. Kf4 Bf1
47. Re5+ Kd6 48. Re1 Bc4 49. Kxf5 Bf7 50. g4 Kd7 51. Ke5 Ke7 52. Ra1 Bc4 53.
Ra3 Kf7 54. f4 Be2 55. Kf5 Bb5 56. Ra7+ Kg8 57. g5 Bd3+ 58. Ke5 hxg5 59. fxg5
Kh8 60. Ra8+ Kh7 61. Kf4 g6 62. h6 Bf5 63. Ke5 Bc8 64. Kf6 Bf5 65. Ra7+ Kh8 66.
Rg7 Be6 67. Kxg6 Bf5+ 68. Kf6 1-0

[Event "Kieler Open 2018-A"]
[Site "Kiel"]
[Date "2018.07.29"]
[Round "4.2"]
[White "Rocha, Sergio"]
[Black "Krause, Benedict"]
[Result "1/2-1/2"]
[WhiteElo "2373"]
[BlackElo "2445"]
[Annotator "PH"]
[PlyCount "88"]

1. Nf3 Nf6 2. d4 g6 3. c4 Bg7 4. Nc3 d5 5. cxd5 Nxd5 6. e4 Nxc3 7. bxc3 c5 8.
Be3 Qa5 9. Qd2 Nc6 10. Rc1 cxd4 11. cxd4 Qxd2+ 12. Kxd2 O-O 13. Bb5 f5 14. exf5
Bxf5 15. Bxc6 bxc6 16. Rxc6 Rab8 17. Ra1 Rfd8 18. Ke1 Be4 19. Re6 Bxf3 20. gxf3
Kf7 21. Re4 Rb4 22. Rd1 Ra4 23. Rd2 Rd5 24. Rc2 Bf6 25. h4 Rda5 26. Rc8 Rh5 27.
Bg5 Rxd4 28. Rxd4 Bxd4 29. Rc7 h6 30. Rxe7+ Kf8 31. Re4 hxg5 32. Rxd4 Rxh4 33.
Rd6 Ra4 34. Rxg6 Rxa2 35. Rxg5 Kf7 36. Kf1 Kf6 37. Rh5 a5 38. Kg2 a4 39. Ra5 a3
40. Kg3 Ra1 41. Kf4 Ke6 42. Ke4 Re1+ 43. Kf4 Ra1 44. Ke4 Re1+ 1/2-1/2

[Event "Kieler Open 2018-A"]
[Site "Kiel"]
[Date "2018.07.29"]
[Round "4.3"]
[White "Lanka, Zigurds"]
[Black "Vatter, Hans-Joachim"]
[Result "0-1"]
[WhiteElo "2414"]
[BlackElo "2216"]
[Annotator "PH"]
[PlyCount "58"]

1. Nf3 d5 2. c4 e6 3. b3 Be7 4. Bb2 Bf6 5. Nc3 b6 6. e3 Ne7 7. Qc2 c5 8. g3 Bb7
9. Bg2 Nbc6 10. cxd5 Nb4 {=} 11. Qb1 Ba6 12. Bf1 Bxf1 13. Kxf1 Nexd5 14. Kg2
O-O 15. Ne2 Bxb2 16. Qxb2 Nd3 17. Qb1 Nf6 18. Nc1 Nxc1 19. Rxc1 Qd5 20. d3 Rad8
21. Rd1 Ng4 22. d4 f5 23. dxc5 Qc6 24. Qb2 Nxh2 25. Kxh2 Qxf3 26. Rxd8 Rxd8 27.
cxb6 axb6 28. Rc1 f4 29. Rc7 Qh5+ 0-1

[Event "Kieler Open 2018-A"]
[Site "Kiel"]
[Date "2018.07.29"]
[Round "4.4"]
[White "Du, Yuxin"]
[Black "Zeng, Chongsheng"]
[Result "0-1"]
[WhiteElo "2129"]
[BlackElo "2532"]
[Annotator "PH"]
[PlyCount "98"]

1. e4 c5 2. Nf3 Nc6 3. Bb5 e6 4. O-O Nge7 5. Re1 a6 6. Bf1 d5 7. exd5 Nxd5 8.
Nc3 Nf6 9. b3 Be7 10. Bb2 O-O 11. a3 b6 12. Bd3 Bb7 13. Qe2 Nd4 14. Nxd4 Qxd4
15. Rab1 Qh4 16. Ne4 Nd5 17. g3 Qh6 18. f4 Rfd8 19. Nf2 Nf6 20. f5 Bc8 21. Be5
Bd6 22. Bxf6 Qxf6 23. Qe4 Ra7 24. fxe6 g6 25. exf7+ Rxf7 26. Rf1 Bb7 27. Qg4
Bf3 28. Qc4 b5 29. Qh4 Qxh4 30. gxh4 Rf4 31. Rbe1 Rxh4 32. h3 Rh5 33. Ne4 Rxh3
34. Nxd6 Rxd6 35. Re3 Rf6 36. Kf2 Be4+ 37. Ke1 Rxe3+ 38. dxe3 Rxf1+ 39. Bxf1
Bxc2 40. a4 Bxb3 41. axb5 axb5 42. Bxb5 Kf7 43. Kd2 Ke6 44. Kc3 Bd5 45. Bf1 h5
46. Bh3+ Ke5 47. Kd3 g5 48. Bf1 g4 49. Kd2 g3 0-1

[Event "Kieler Open 2018-A"]
[Site "Kiel"]
[Date "2018.07.29"]
[Round "4.5"]
[White "Beeck, Mats"]
[Black "Krause, Jonah"]
[Result "1/2-1/2"]
[WhiteElo "2120"]
[BlackElo "2336"]
[Annotator "PH"]
[PlyCount "115"]

1. Nf3 Nf6 2. b3 g6 3. Bb2 Bg7 4. g3 d6 5. d4 c5 6. c4 O-O 7. Bg2 d5 8. cxd5
Nxd5 9. O-O Nc6 10. Qd2 Nc7 11. Rd1 Bg4 12. Ne5 Bxe5 13. dxe5 Qxd2 14. Rxd2
Rad8 15. Bxc6 bxc6 16. f3 Bf5 17. e4 Be6 18. Rc2 Rd1+ 19. Kf2 Rfd8 20. Na3 Na6
21. Rxd1 Rxd1 22. Ke3 Nb4 23. Rxc5 Re1+ 24. Kd2 Rh1 25. Bc3 Rxh2+ 26. Ke3 Nxa2
27. Bd2 Bxb3 28. Rxc6 Rg2 29. Nb5 a5 30. Bxa5 Ba4 31. Rc8+ Kg7 32. Nd4 Rb2 33.
Rc7 Kf8 34. Rc8+ Kg7 35. Bd8 Rb7 36. Ra8 Nc3 37. Kd2 Nb1+ 38. Kc1 Be8 39. Ba5
Kf8 40. Be1 Rd7 41. Nc2 Rd3 42. Kxb1 Rxf3 43. Bd2 f6 44. Bh6+ Kf7 45. e6+ Kxe6
46. Rxe8 Rxg3 47. Ne3 Rh3 48. Bf4 Kf7 49. Rb8 g5 50. Nd5 gxf4 51. Rb7 f3 52.
Rxe7+ Kf8 53. Re6 Rh6 54. e5 f2 55. Ne3 Kf7 56. Rxf6+ Rxf6 57. exf6 Kxf6 58.
Ng4+ 1/2-1/2

[Event "Kieler Open 2018-A"]
[Site "Kiel"]
[Date "2018.07.29"]
[Round "4.6"]
[White "Wichmann, Cliff"]
[Black "Holtel, Jasper"]
[Result "0-1"]
[WhiteElo "2305"]
[BlackElo "2234"]
[Annotator "PH"]
[PlyCount "222"]

1. d4 Nf6 2. Bf4 g6 3. Nc3 d5 4. e3 Bg7 5. h4 O-O 6. h5 Nxh5 7. Rxh5 gxh5 8.
Qxh5 c6 9. Bd3 f5 10. Nf3 Nd7 11. Ke2 Nf6 12. Qh3 e6 13. Rh1 Bd7 14. Bd6 Be8
15. Bxf8 Bxf8 16. Ne5 c5 17. dxc5 Qc7 18. Qh2 Bxc5 19. Ng4 Qxh2 20. Nxf6+ Kf7
21. Rxh2 Kxf6 22. Rxh7 Bf7 23. Nb5 Kg6 24. Rh1 e5 25. Kd1 a6 26. Nc3 e4 27. Be2
Kf6 28. Na4 Ba7 29. Rh6+ Ke5 30. Nb6 Rd8 31. c3 Be6 32. Rh7 Bxb6 33. Rxb7 Rd6
34. g3 a5 35. Kc2 Bd7 36. b3 Ke6 37. Rb8 Bc7 38. Rh8 Ke5 39. Rh7 Bd8 40. a4 Bf6
41. Kd2 Ke6 42. g4 Rb6 43. gxf5+ Kd6 44. Kc2 Bxf5 45. Rh6 Ke6 46. Bb5 Ke5 47.
Rh5 Rb7 48. f4+ Ke6 49. Bc6 Rc7 50. Bxd5+ Kxd5 51. Rxf5+ Ke6 52. Rxa5 Rxc3+ 53.
Kd2 Rxb3 54. f5+ Kf7 55. Ra7+ Be7 56. Ra6 Ra3 57. a5 Rxa5 58. Re6 Ra4 59. Ke2
Bg5 60. Kf2 Rb4 61. Ke2 Rb2+ 62. Ke1 Bxe3 63. Rxe4 Bg5 64. Re5 Kf6 65. Rd5 Bf4
66. Kd1 Be5 67. Rd2 Rb4 68. Rf2 Bf4 69. Kc2 Kxf5 70. Re2 Be5 71. Kd3 Ra4 72.
Re1 Rd4+ 73. Kc2 Ke6 74. Rh1 Kf5 75. Rh5+ Ke6 76. Rh1 Rg4 77. Rd1 Bd4 78. Kb3
Kd5 79. Rh1 Rg3+ 80. Kb4 Rg2 81. Rh5+ Be5 82. Rh3 Rg7 83. Kb3 Rb7+ 84. Kc2 Rb2+
85. Kc1 Bd4 86. Rd3 Ra2 87. Kd1 Ke4 88. Rb3 Rh2 89. Ra3 Be3 90. Ra4+ Kf3 91.
Ra8 Rd2+ 92. Ke1 Rc2 93. Rf8+ Bf4 94. Rd8 Rc7 95. Rd5 Ke3 96. Kf1 Rc1+ 97. Kg2
Rc2+ 98. Kf1 Kf3 99. Ke1 Ke3 100. Kf1 Bg3 101. Rf5 Ra2 102. Rf7 Bf4 103. Rd7
Rh2 104. Kg1 Kf3 105. Rd3+ Kg4 106. Rb3 Bg3 107. Rb4+ Kh3 108. Re4 Rg2+ 109.
Kf1 Rf2+ 110. Kg1 Rf3 111. Re2 Rd3 0-1

[Event "Kieler Open 2018-A"]
[Site "Kiel"]
[Date "2018.07.29"]
[Round "4.7"]
[White "Schulze, Lara"]
[Black "Kleinschroth, Roland"]
[Result "1-0"]
[WhiteElo "2187"]
[BlackElo "2058"]
[Annotator "PH"]
[PlyCount "63"]

1. e4 d6 2. d4 Nf6 3. Nc3 Nbd7 4. Nge2 e5 5. g3 Be7 6. Bg2 c6 7. a4 a5 8. O-O
O-O 9. h3 Re8 10. Re1 Bf8 11. b3 Nb6 12. Be3 d5 13. dxe5 Rxe5 14. Qd4 Nfd7 15.
Bf4 Bc5 16. Qd2 Qf6 17. exd5 g5 18. Bxe5 Bxf2+ 19. Kh2 Nxe5 20. Ne4 Nf3+ 21.
Bxf3 Qxf3 22. Qxg5+ Kh8 23. Qe5+ Kg8 24. Nf6+ Kf8 25. Nxh7+ Kg8 26. Nf6+ Kf8
27. Qe8+ Kg7 28. Qg8+ Kxf6 29. Qh8+ Ke7 30. Nd4+ Be6 31. Qh4+ Qf6 32. Nf5+ 1-0

[Event "Kieler Open 2018-A"]
[Site "Kiel"]
[Date "2018.07.29"]
[Round "4.8"]
[White "Pluska, Alexander"]
[Black "Bernhardt, Gerd"]
[Result "1-0"]
[WhiteElo "2199"]
[BlackElo "2033"]
[Annotator "PH"]
[PlyCount "107"]

1. Nf3 Nf6 2. c4 c5 3. Nc3 Nc6 4. g3 g6 5. d4 cxd4 6. Nxd4 Bg7 7. Nc2 O-O 8.
Bg2 d6 9. O-O Be6 10. b3 Qa5 11. Nd5 Bxd5 12. cxd5 Ne5 13. Bb2 Ned7 14. a4 Rac8
15. b4 Qc7 16. Na3 Qb6 17. Qd2 Qd8 18. a5 a6 19. Rfc1 b5 20. f4 Rxc1+ 21. Rxc1
Qa8 22. Rc6 Rd8 23. Bd4 Nf8 24. Qc3 Qb7 25. Nc2 h5 26. Ne3 N8d7 27. Bf3 Kh7 28.
Kg2 Kg8 29. h3 Kh7 30. g4 hxg4 31. hxg4 Kg8 32. Rc7 Qb8 33. Rc6 Qa8 34. Nc2 Kh7
35. g5 Ne8 36. Bxg7 Nxg7 37. Nd4 Nf5 38. Nxf5 gxf5 39. Qd3 Nf8 40. Qxf5+ Kg7
41. Bh5 Ng6 42. Bxg6 fxg6 43. Qe6 Qa7 44. f5 gxf5 45. Qh6+ Kf7 46. Qh7+ Ke8 47.
Qg6+ Kd7 48. Qxf5+ Ke8 49. Qg6+ Kd7 50. Qe6+ Ke8 51. e3 Kf8 52. Qh6+ Ke8 53.
Qg6+ Kf8 54. Rc1 1-0

[Event "Kieler Open 2018-A"]
[Site "Kiel"]
[Date "2018.07.29"]
[Round "4.9"]
[White "Svane, Henrik"]
[Black "Knudsen, Simon"]
[Result "0-1"]
[WhiteElo "2081"]
[BlackElo "2197"]
[Annotator "PH"]
[PlyCount "48"]

1. d4 d5 2. c4 e6 3. Nc3 c6 4. e4 dxe4 5. Nxe4 Bb4+ 6. Bd2 Qxd4 7. Bxb4 Qxe4+
8. Be2 Na6 9. Bc3 f6 10. Nf3 Ne7 11. O-O e5 12. Bd3 Qg4 13. h3 Qh5 14. b4 Be6
15. b5 Nc5 16. Bb4 Nxd3 17. Qxd3 Qf7 18. Rac1 O-O 19. bxc6 bxc6 20. Qd6 Rfe8
21. Qc5 Rab8 22. Ba3 Ng6 23. Nd2 Nf4 24. Qe3 Qg6 0-1

[Event "Kieler Open 2018-A"]
[Site "Kiel"]
[Date "2018.07.29"]
[Round "4.10"]
[White "Nahnsen, Kenneth"]
[Black "Pietzsch, Manuel"]
[Result "0-1"]
[WhiteElo "2004"]
[BlackElo "2185"]
[Annotator "PH"]
[PlyCount "22"]

1. g3 e5 2. c4 Nc6 3. Bg2 Bc5 4. e3 a6 5. Ne2 d6 6. O-O Ba7 7. d4 h5 8. b3 h4
9. Bb2 hxg3 10. hxg3 Qg5 11. dxe5 Qh6 0-1

[Event "Kieler Open 2018-A"]
[Site "Kiel"]
[Date "2018.07.29"]
[Round "4.11"]
[White "Light, Bjarne"]
[Black "Quiring, Nikolai"]
[Result "1/2-1/2"]
[WhiteElo "2177"]
[BlackElo "2006"]
[Annotator "PH"]
[PlyCount "133"]

1. c4 e6 2. g3 c5 3. Bg2 Nc6 4. Nc3 Nf6 5. Nf3 d5 6. d4 cxd4 7. Nxd4 Qb6 8. Nc2
d4 9. Ne4 Nxe4 10. Bxe4 e5 11. O-O Bh3 12. Re1 Bb4 13. Nxb4 Qxb4 14. b3 f5 15.
a3 Qe7 16. Bd5 h5 17. e3 e4 18. exd4 h4 19. b4 hxg3 20. fxg3 Qf6 21. Be3 O-O-O
22. Bxc6 bxc6 23. Qa4 f4 24. Qa6+ Kd7 25. Bxf4 Qxd4+ 26. Be3 Qf6 27. Rad1+ Ke8
28. Rxd8+ Kxd8 29. Qxa7 Qf3 30. Bg5+ Kc8 31. Qa6+ Kd7 32. Qb7+ Ke6 33. Qxc6+
Kf5 34. Qd5+ Kg6 35. Qxe4+ Qxe4 36. Rxe4 Kxg5 37. Kf2 Bf5 38. h4+ Kg6 39. Re3
Rc8 40. Rc3 Be6 41. c5 Bd7 42. Ke3 Bb5 43. Kd4 Kf5 44. Re3 Rd8+ 45. Kc3 Ra8 46.
Kb3 Kg4 47. Re7 g6 48. Re6 Be8 49. Re3 Bf7+ 50. Kb2 Be8 51. Rd3 Ra6 52. Rc3 Rf6
53. Kb3 Rf3 54. Rxf3 Kxf3 55. Kc4 Kxg3 56. b5 Kxh4 57. c6 g5 58. Kc5 g4 59. Kd6
Bg6 60. b6 g3 61. b7 g2 62. b8=Q g1=Q 63. Qh8+ Kg5 64. Qe5+ Bf5 65. Qg7+ Bg6
66. Qe5+ Bf5 67. Qg7+ 1/2-1/2

[Event "Kieler Open 2018-A"]
[Site "Kiel"]
[Date "2018.07.29"]
[Round "4.12"]
[White "Rieper, Julian"]
[Black "Easwaralingam, Adesh"]
[Result "0-1"]
[WhiteElo "2048"]
[BlackElo "2168"]
[Annotator "PH"]
[PlyCount "116"]

1. e4 c5 2. Nc3 a6 3. g3 b5 4. Bg2 Bb7 5. d3 e6 6. f4 d5 7. Qe2 b4 8. Nd1 Nf6
9. e5 Ng8 10. Nf3 h5 11. c3 Nc6 12. O-O Be7 13. Nf2 Nh6 14. Bd2 a5 15. Rfc1 Nf5
16. Bh3 g6 17. Nd1 Qb6 18. Qf2 Ba6 19. Bf1 Nh6 20. h3 Nf5 21. Ne3 Rc8 22. Nxf5
gxf5 23. h4 Kd7 24. Re1 Na7 25. c4 d4 26. Ng5 Bxg5 27. fxg5 Bb7 28. Bh3 Qc6 29.
Bg2 Qxg2+ 30. Qxg2 Bxg2 31. Kxg2 a4 32. a3 bxa3 33. Rxa3 Nc6 34. Rxa4 Ra8 35.
Rxa8 Rxa8 36. Kf2 Rb8 37. Bc1 Rb3 38. Rd1 Nxe5 39. Ke2 Nc6 40. Kd2 Nb4 41. Ke2
e5 42. Rf1 Ke6 43. Rf3 Na2 44. Rf1 Nxc1+ 45. Rxc1 Rxb2+ 46. Kf1 Rh2 47. Kg1 Rd2
48. Ra1 Rxd3 49. Ra6+ Ke7 50. Ra7+ Kf8 51. Rc7 Rxg3+ 52. Kf2 f4 53. Rxc5 e4 54.
Rd5 d3 55. c5 e3+ 56. Kf1 f3 57. c6 e2+ 58. Kf2 Rg1 0-1

[Event "Kieler Open 2018-A"]
[Site "Kiel"]
[Date "2018.07.29"]
[Round "4.13"]
[White "Kaulich, Philipp Theodor"]
[Black "Begri, Felix"]
[Result "1/2-1/2"]
[WhiteElo "2157"]
[BlackElo "1984"]
[Annotator "PH"]
[PlyCount "84"]

1. e4 c5 2. c3 Nf6 3. e5 Nd5 4. d4 cxd4 5. Nf3 Nc6 6. Bc4 Nb6 7. Bb3 d5 8. exd6
Qxd6 9. O-O g6 10. Ng5 e6 11. Qf3 Qe7 12. Re1 Bg7 13. a4 O-O 14. Qh3 h5 15. a5
e5 16. Qg3 Nd7 17. Nf3 Nc5 18. Bc4 Be6 19. Bxe6 Qxe6 20. Nxd4 Nxd4 21. cxd4 Nb3
22. d5 Qxd5 23. Nc3 Qe6 24. Ra3 Nxc1 25. Rxc1 Rac8 26. Re1 Rfd8 27. Qe3 Bf8 28.
Raa1 Bc5 29. Qxe5 Qxe5 30. Rxe5 Bd4 31. Re7 Bxc3 32. bxc3 Rxc3 33. g3 Rc2 34.
Ra3 Rb2 35. a6 bxa6 36. Rxa6 Rd1+ 37. Kg2 Rb6 38. Raxa7 Rf6 39. Re3 Rd2 40. Rf3
Rxf3 41. Kxf3 Kg7 42. h4 Rb2 1/2-1/2

[Event "Kieler Open 2018-A"]
[Site "Kiel"]
[Date "2018.07.29"]
[Round "4.14"]
[White "Berenstein, Alexander"]
[Black "Poghosyan, Tigran"]
[Result "0-1"]
[WhiteElo "1975"]
[BlackElo "2146"]
[Annotator "PH"]
[PlyCount "120"]

1. e4 c5 2. Bc4 e6 3. d3 Nc6 4. Nc3 Na5 5. a4 Nxc4 6. dxc4 d6 7. Nge2 Be7 8.
O-O Nf6 9. f4 O-O 10. Ng3 Bd7 11. f5 Bc6 12. Qe2 a6 13. Bf4 e5 14. Bd2 Qd7 15.
b3 Rab8 16. Rfd1 b5 17. axb5 axb5 18. Nd5 bxc4 19. Nxe7+ Qxe7 20. bxc4 Qb7 21.
Re1 Ra8 22. Rab1 Qc7 23. Bg5 Nd7 24. f6 g6 25. Qg4 Rfb8 26. Rbd1 h6 27. Bxh6
Nxf6 28. Qf3 Ne8 29. h4 Qe7 30. Bg5 Qe6 31. Qe2 Bd7 32. Nf1 Qg4 33. Qxg4 Bxg4
34. Rb1 Be6 35. Nd2 f6 36. Be3 Kf7 37. Rb3 Rc8 38. Reb1 Ra4 39. Rc3 Nc7 40. Rb7
Ke7 41. Kf2 Kd7 42. Kf3 Kc6 43. Rb1 Na8 44. g4 Nb6 45. Kg3 Nxc4 46. Nxc4 Bxc4
47. Rh1 Be6 48. Rf1 Rxe4 49. Rxf6 Rxg4+ 50. Kf3 e4+ 51. Kf2 Re8 52. Bg5 Bd5 53.
Re3 Re6 54. Rf8 Re5 55. Rf6 Rf5+ 56. Rxf5 gxf5 57. Ra3 f4 58. Ra6+ Kc7 59. Ra7+
Kb6 60. Rd7 Kc6 0-1

[Event "Kieler Open 2018-A"]
[Site "Kiel"]
[Date "2018.07.29"]
[Round "4.15"]
[White "Möller, Dustin"]
[Black "Teichert, Felix"]
[Result "1/2-1/2"]
[WhiteElo "2140"]
[BlackElo "1981"]
[Annotator "PH"]
[PlyCount "60"]

1. g3 e5 2. c4 Nf6 3. Bg2 c6 4. d4 exd4 5. Qxd4 Bb4+ 6. Bd2 Qe7 7. Bxb4 Qxb4+
8. Qc3 Na6 9. a3 Qxc3+ 10. Nxc3 d6 11. b4 Be6 12. b5 Nb8 13. bxc6 Nxc6 14. Nb5
Ke7 15. Nc7 Rac8 16. Nxe6 fxe6 17. Nf3 b6 18. Bh3 Rc7 19. O-O h6 20. Rfd1 Rhc8
21. e3 Nd7 22. Ra2 Nde5 23. Nd4 Nxd4 24. exd4 Nf3+ 25. Kg2 Ng5 26. Bg4 Rxc4 27.
h4 Nf7 28. Re2 Nd8 29. Bxe6 Nxe6 30. d5 Rf8 1/2-1/2

[Event "Kieler Open 2018-A"]
[Site "Kiel"]
[Date "2018.07.29"]
[Round "4.16"]
[White "Hoffmann, Joachim"]
[Black "Petri, Alexander"]
[Result "0-1"]
[WhiteElo "1911"]
[BlackElo "2138"]
[Annotator "PH"]
[PlyCount "72"]

1. e4 c6 2. d4 d5 3. e5 c5 4. dxc5 Nc6 5. Nf3 Bg4 6. Bb5 e6 7. Be3 Qc7 8. Nbd2
Nge7 9. c3 a6 10. Qa4 Bxf3 11. Nxf3 O-O-O 12. Bxc6 Nxc6 13. Bd4 f6 14. exf6 e5
15. Be3 gxf6 16. Qg4+ Kb8 17. O-O Qf7 18. Qf5 Rg8 19. Rfd1 Ne7 20. Qh3 Qg7 21.
Kf1 Qg6 22. Rd2 Nf5 23. Rad1 Nxe3+ 24. fxe3 Bxc5 25. Kf2 Qe4 26. Ne1 f5 27. b4
Bb6 28. Qf3 Qh4+ 29. Kg1 e4 30. Qe2 f4 31. Rxd5 Bxe3+ 32. Kh1 Rxd5 33. Rxd5 Qf6
34. c4 f3 35. Qf1 fxg2+ 36. Qxg2 Rxg2 0-1

[Event "Kieler Open 2018-A"]
[Site "Kiel"]
[Date "2018.07.29"]
[Round "4.17"]
[White "Isler, Benjamin"]
[Black "Dittmann, Hans-Adolf"]
[Result "1-0"]
[WhiteElo "1885"]
[BlackElo "2102"]
[Annotator "PH"]
[PlyCount "53"]

1. e4 c5 2. d4 cxd4 3. c3 dxc3 4. Nxc3 Nc6 5. Nf3 d6 6. Bc4 e6 7. O-O Be7 8.
Qe2 Nf6 9. Rd1 e5 10. Bg5 Bg4 11. Nb5 O-O 12. Bxf6 Bxf6 13. Rxd6 Qe7 14. Qd3 a6
15. Nc3 Bxf3 16. gxf3 Nd4 17. Rd5 b5 18. Bb3 b4 19. Na4 Bg5 20. Nc5 Bf4 21.
Rxd4 exd4 22. Qxd4 Qh4 23. Kf1 Rad8 24. Bd5 Qxh2 25. Rd1 a5 26. Ne6 Rxd5 27.
Qxg7# 1-0

[Event "Kieler Open 2018-A"]
[Site "Kiel"]
[Date "2018.07.29"]
[Round "4.18"]
[White "Wunder, Niklas"]
[Black "Callsen, Niklas"]
[Result "1-0"]
[WhiteElo "2099"]
[BlackElo "1705"]
[Annotator "PH"]
[PlyCount "65"]

1. Nf3 d5 2. e3 Nf6 3. c4 c6 4. b3 e6 5. Be2 Bd6 6. Bb2 O-O 7. Rg1 Nbd7 8. g4
e5 9. Nc3 d4 10. exd4 exd4 11. Nxd4 Ne5 12. h3 Re8 13. Kf1 Ba3 14. Nxc6 Nxc6
15. Bxa3 Nd4 16. Bc5 Nh5 17. Bxd4 Qxd4 18. gxh5 Bxh3+ 19. Ke1 Bg4 20. Rg3 Re5
21. Kf1 Rxe2 22. Nxe2 Qe4 23. Rxg4 Qxg4 24. Ng3 Qd4 25. Rc1 f5 26. Qf3 f4 27.
Ne2 Qxd2 28. Qd5+ Qxd5 29. cxd5 f3 30. Ng1 Rf8 31. Rd1 g5 32. hxg6 hxg6 33. d6
1-0

[Event "Kieler Open 2018-A"]
[Site "Kiel"]
[Date "2018.07.29"]
[Round "4.20"]
[White "Haag, Martin"]
[Black "Weber, Jannis"]
[Result "1-0"]
[WhiteElo "2229"]
[BlackElo "1890"]
[Annotator "PH"]
[PlyCount "27"]

1. c4 Nf6 2. Nc3 d5 3. cxd5 Nxd5 4. Nf3 g6 5. h4 Bg7 6. h5 Nxc3 7. bxc3 e5 8.
Ba3 Nc6 9. e3 Bg4 10. hxg6 hxg6 11. Rxh8+ Bxh8 12. Qb3 Bxf3 13. gxf3 Na5 14.
Qb4 1-0

[Event "Kieler Open 2018-A"]
[Site "Kiel"]
[Date "2018.07.29"]
[Round "4.21"]
[White "Bücker, Timo"]
[Black "Arndt, Magnus"]
[Result "0-1"]
[WhiteElo "1801"]
[BlackElo "2120"]
[Annotator "PH"]
[PlyCount "58"]

1. g3 d5 2. Bg2 Nf6 3. Nf3 c5 4. O-O Nc6 5. d4 Bf5 6. c3 e6 7. Qb3 Qb6 8. Nbd2
c4 9. Qxb6 axb6 10. Re1 Be7 11. Nh4 Bc2 12. e4 O-O 13. exd5 exd5 14. Nhf3 Bd6
15. Ne5 Na5 16. Re2 Bxe5 17. dxe5 Bd3 18. Re1 Rfe8 19. b4 Nc6 20. f4 d4 21.
Bxc6 bxc6 22. cxd4 Nd5 23. Nb1 Nxb4 24. Na3 Nd5 25. Nb1 c3 26. a3 b5 27. Be3 b4
28. Kf2 b3 29. Rd1 b2 0-1